Wonders of man: Vennice (Record no. 29662)

MARC details
000 -LEADER
fixed length control field 00264nam a2200109Ia 4500
082 ## - DEWEY DECIMAL CLASSIFICATION NUMBER
Classification number 945.31
Item number DAV
100 ## - MAIN ENTRY--AUTHOR NAME
Personal name Davis, John H
245 #0 - TITLE STATEMENT
Title Wonders of man: Vennice
260 ## - PUBLICATION, DISTRIBUTION, ETC. (IMPRINT)
Name of publisher S Arthur Dembner
Year of publication 1973
942 ## - ADDED ENTRY ELEMENTS (KOHA)
Koha item type Books
Holdings
Withdrawn status Lost status Damaged status Not for loan Home library Current library Date acquired Full call number Accession Number Koha item type
        RRII Library RRII Library 16/12/2021 945.31 DAV 10245 Books